MDQL
is popping MORE tags! Check the
thread
!
Quizzes
Events
Quiz Creation
Community
Videos
Private Events
Remove Ads
Sign In
Join for FREE
Feedback
Dark Mode
Quiz Categories
Sports
Geography
Music
Movies
Television
Just For Fun
Miscellaneous
History
Literature
Language
Science
Gaming
Entertainment
Religion
Holiday
For Kids
Quiz Lab
Recent
Popular Today
Quiz Kudos Today
Editor Picks
Curator Picks
Quizzes by...
Day
Popularity
Type
Ratings
Length
Year
Community
Subscriptions
Recent Discussions
Orange Saloon
Badges
Playlists
Quests
Create
Leaderboards
Showdown
Live 5
Trivia Bingo
Activity
Puzzle Library
Sporcle Events
Private Events
Virtual Trivia
Globe League
Become a Host
Pub Owners
SporcleCon
Opinionation
Our Games
Videos
Blog
Mobile Apps
Partnerships
Remove Ads and Go Orange
Feedback
Movies
Disney
Marvel Cinematic Universe
Movie Resume
Movie Titles
Oscar
Actor
Actress
Director
Pixar
Role
Movie Quotes
Movie Characters
Box Office
Nominee
Best Picture
Star Wars
James Bond
Horror Movies
Movies
Disney
Marvel Cinematic Universe
Movie Resume
Movie Titles
Oscar
Actor
Actress
Director
Pixar
Role
Movie Quotes
Movie Characters
Box Office
Nominee
Best Picture
Star Wars
James Bond
Horror Movies
Random Quiz
Search Sporcle
×
Quiz Lab
Quiz Lab
Movies
Actor
Type in answers that appear in a list
Type in answers that appear in a list
Classic
Best Score? Go Orange.
AFI Top 50 Stars Nominees (Males) Stats
Can you name the AFI top 100 male star nominees?
By
Jareeve
18m
250 Questions
817 Plays
817 Plays
817 Plays
Comments
Comments
Give Quiz Kudos
Give Quiz Kudos
-
- Ratings
hide this ad
More Info
Replay
Link that replays current quiz
Next Quiz
Link to next quiz in quiz playlist
You Got
0%
They Got
Avg Score
37%
Avg Friend Score
Upgrade to see
Score Distribution
Jump to the score distribution portion of the page
Score
0/250
Timer
18:00
0
Plays Today
Actor
% Correct
Humphrey Bogart
87.5%
Clark Gable
87.3%
James Stewart
85.6%
Charlton Heston
83.4%
Cary Grant
83.2%
John Wayne
82.6%
Marlon Brando
78.3%
Gene Kelly
78%
Gary Cooper
77.8%
Melvyn Douglas
77.5%
Kirk Douglas
77.1%
Charlie Chaplin
77%
Spencer Tracy
76.5%
Gregory Peck
75.5%
Sir Laurence Olivier
75.4%
Jackie Cooper
75.2%
James Cagney
74.7%
Fred Astaire
74.5%
William Holden
74.2%
James Dean
74.1%
Henry Fonda
73.9%
Frank Sinatra
73.8%
Sir Alec Guinness
72.1%
Peter Sellers
70.7%
Sidney Poitier
70.1%
Burt Lancaster
68.4%
Tony Curtis
68.2%
Orson Welles
66.1%
Rex Harrison
65%
Buster Keaton
64.6%
Robert Mitchum
64%
Dean Martin
61.8%
Frederic March
61.3%
Yul Brynner
60.5%
Montgomery Clift
60.5%
Bing Crosby
60.2%
John Barrymore
60.1%
Lionel Barrymore
60%
Errol Flynn
59.9%
Edward G. Robinson
58.8%
Richard Burton
58.3%
Jerry Lewis
58.1%
Walter Huston
58%
Peter Finch
57.9%
John Huston
57.9%
Bela Lugosi
57.8%
Peter Lorre
57.4%
Steve McQueen
57.4%
Anthony Quinn
57.2%
Bill 'Bojangles' Robinson
56.8%
Glenn Ford
56.7%
Leslie Howard
56.4%
Rock Hudson
56.3%
Alan Ladd
56.1%
David Niven
56.1%
Trevor Howard
55.3%
Lee Marvin
54.1%
Randolph Scott
53.9%
Charles Laughton
53.7%
Don Ameche
51.8%
Paul Muni
51.8%
Boris Karloff
51.5%
John Belushi
51.2%
William Powell
51.2%
Ray Milland
50.7%
Van Johnson
50.4%
Dick Powell
50.2%
Lon Chaney
49.4%
Lon Chaney, Jr.
49.3%
Karl Malden
49.3%
The Marx Brothers
49.1%
Ben Johnson
48.5%
Mickey Rooney
48%
Elvis Presley
47.5%
Claude Rains
47.4%
Peter Ustinov
47.4%
James Mason
47.1%
Jose Ferrer
47%
Ossie Davis
46.8%
Sammy Davis, Jr.
46.8%
Al Jolson
45.9%
Fred MacMurray
45.9%
John Gielgud
45.2%
Robert Young
44.8%
Actor
% Correct
Max von Sydow
44.2%
Gig Young
43.8%
Broderick Crawford
43.3%
Bob Hope
43%
George Burns
42.7%
Burgess Meredith
42.7%
Farley Granger
42.2%
Stewart Granger
42.1%
Bud Abbott & Lou Costello
42%
Lloyd Bridges
41.9%
Dana Andrews
41.5%
Danny Kaye
41.2%
Anthony Perkins
41.1%
Robert Donat
41%
Joseph Cotten
40.8%
Charles Boyer
40.6%
Walter Brennan
40.6%
George Sanders
40.4%
Robert Taylor
40.4%
Douglas Fairbanks
40.1%
Douglas Fairbanks, Jr.
40.1%
Jackie Gleason
39.5%
Donald O'Connor
39.5%
Burl Ives
39.2%
Tyrone Power
39%
Walter Pidgeon
37.9%
Ronald Reagan
37.3%
Thomas Mitchell
37%
Zero Mostel
36.8%
Wallace Beery
36.5%
Noah Beery
36.4%
Cornel Wilde
36.4%
Jack Palance
36.2%
Stan Laurel & Oliver Hardy
35.9%
Ronald Colman
35.5%
George Arliss
35.4%
Sydney Greenstreet
35%
Lee J. Cobb
34.4%
Robert Preston
34.4%
Vincent Price
34.4%
Lew Ayres
34.3%
Harold Lloyd
34.3%
Charles Coburn
34.1%
Arthur Kennedy
33.9%
Roy Rogers
33.9%
Laurence Harvey
33.3%
Edmond O'Brien
33.3%
Paul Henreid
33%
George Peppard
32.9%
Victor McLaglen
32.7%
Emil Jannings
32.4%
Ralph Richardson
32.4%
Harold Russell
32.2%
Buddy Rogers
31.9%
Will Rogers
31.9%
Rudolph Valentino
31.7%
John Garfield
31.6%
Edmund Gwenn
31.6%
Van Heflin
31.3%
Ward Bond
31.2%
John Cassavetes
31.2%
Jack Benny
31.1%
Frank Morgan
31.1%
Erich von Stroheim
31%
Pat O'Brien
30.7%
Barry Fitzgerald
30.5%
Joe E. Brown
30.4%
Richard Widmark
30.2%
Maurice Chevalier
30%
Sterling Hayden
30%
Robert Shaw
29.3%
Ray Bolger
28.6%
Johnny Weissmuller
28.2%
Robert Ryan
27.8%
Divine
27.5%
Warner Baxter
27.3%
Victor Mature
27.1%
Basil Rathbone
27.1%
Joel McCrea
26.9%
W.C. Fields
26.6%
George Montgomery
26.6%
Robert Montgomery
26.6%
Howard Keel
26.2%
Franchot Tone
26.2%
Actor
% Correct
Raul Julia
25.5%
Ralph Bellamy
25.1%
Robert Walker
24.5%
Raymond Massey
24.2%
Eddie 'Rochester' Anderson
24.1%
Gilbert M. 'Broncho Billy' Anderson
24.1%
Clifton Webb
24.1%
Sal Mineo
23.3%
Slim Pickens
23%
Bert Lahr
22.4%
Richard Dix
22.2%
John Gilbert
22.2%
Conrad Veidt
22.2%
George Murphy
21.9%
Sessue Hayakawa
21.7%
Hume Cronyn
21.3%
Jackie Coogan
20.9%
Tab Hunter
20.9%
Adolphe Menjou
20.7%
Larry Parks
20.7%
Gene Autry
20.6%
John Carradine
20%
Roddy McDowall
19.6%
Peter Lawford
19.5%
Robert Cummings
19.3%
Roscoe 'Fatty' Arbuckle
19.2%
George Raft
19.1%
Herbert Marshall
18.5%
The Three Stooges
18.2%
William Boyd
18.1%
Gordon MacRae
18.1%
Richard Barthelmess
17.9%
Buddy Ebsen
17.9%
Freddie Bartholomew
17.7%
Oscar Levant
17.7%
Louis Jourdan
17.6%
Paul Robeson
17.4%
Chill Wills
17.4%
Jack Carson
17.1%
Eddie Bracken
17%
Jack Oakie
16.5%
Jack Haley
16.3%
Louis Armstrong
16%
Brian Aherne
15.9%
Cesar Romero
15.9%
Nelson Eddy
15.7%
John Houseman
15.7%
Woody Strode
15.7%
Buster Crabbe
15.5%
Leo G. Carroll
15.3%
Edward Everett Horton
15.3%
Gabby Hayes
15.2%
The Nicholas Brothers
15.2%
William Bendix
15.1%
Ramon Novarro
14.7%
Edward Arnold
14.4%
Dean Stockwell
14.4%
Brian Donlevy
14.3%
Charles Ray
14.3%
Jimmy Durante
14.2%
Tom Mix
14.1%
Milton Berle
14%
Ricardo Montalban
14%
William S. Hart
13.8%
Francis X. Bushman
13%
Dan Dailey
13%
Red Skelton
12.9%
Edgar Bergen & Charlie McCarthy
12.7%
Sabu
12.6%
Eddie Cantor
12.4%
Wallace Reid
11.9%
Rex Ingram
11.8%
Harry Langdon
11.3%
Rudy Vallee
10.5%
Gilbert Roland
10.3%
Charles Ruggles
10.3%
Keye Luke
8.8%
Mario Lanza
8.6%
King Baggot
8%
Ben Turpin
7.8%
William Farnum
7.5%
Mantan Moreland
7.3%
Quiz Playlist
Details
Report
Send in Message
Add To Playlist
More Info:
Sorry Jack Lemmon and Paul Newman.
Classic:
Type in answers that appear in a list
Last Updated: Feb 16, 2017
Quiz Scoreboard
CHALLENGE
Sign Up to Join the Scoreboard
Show All
Scores
Hide
Comments
May contain spoilers
Recently Published
Colored Red Africa Blitz
by spor1
Geography
30s
Find the 'City' Movie
by crazypaving
Movies
60s
5x2 Blitz: Bands
by SL_Kpop136
Music
30s
More to Explore
Quiz From the Vault
Featured Blog Post
14 Easter Pick-up Lines to Find Eggs With
hide this ad
You Might Also Like...
Tags
Actor Quiz
Best Picture Quiz
AFI
AFI 100
AFI 50
AFI List
Best Actor
Best Artist
Best Performance
Filmography
Today's Top Quizzes in Movies
Browse Movies
hide this ad
Today's Top Quizzes in Actor
Browse Actor
Top Contributed Quizzes in Movies
1
Find The 'Big' Movie
2
Find The 'Wild' Movie
3
Find The 'Blue' Movie
4
Movies By Plot
5
Hidden Star Wars Character II
6
Pick 5 Posters: Directed by Spielberg
7
The ultimate James Bond movie quiz
8
Hidden Star Wars Character III
9
Hidden Star Wars Character IV
10
25 Best Actor Nominees (1990s)
Explore More
Trending Topics
Marvel
NBA
Crossword
Harry Potter
Disney
Anime
Kpop
The Office
NFL
Pokémon
Song
WWE
Puzzle
Soccer
Country
hide this ad
More By:
Jareeve
Quiz
Plays
Rating
Category
Featured
Created
Follow That Line: 'Willy Wonka & the Chocolate Factory'
35,266
4.74
Movies
Nov 21, 2015
Disney Tears
9,523
4.10
Movies
Apr 15, 2015
Best Picture Nominated Musicals
6,041
4.39
Movies
Mar 17, 2015
Best Picture Nominated World War II Movies
3,467
4.81
Movies
Mar 26, 2015
Best Picture Nominated Comedies
2,717
4.87
Movies
Mar 22, 2016
Go to Creator's Profile
Score Distribution
Quiz Creator Spotlight
Jareeve
Follow
Send a Message
Quizzes Created
-
Created Quiz Play Count
-
More By This Creator
Popular Quizzes Today
1
Colored Red Africa Blitz
2
Find the US States - No Outlines Minefield
3
Find the 'City' Movie
4
5x2 Blitz: Bands
5
The Countries of the World
6
Find the US States
7
Find the Countries of Europe - No Outlines Minefield
8
US States
More Movies Quizzes
2002 Movie Actresses - Level 1 Easy
Quiz Lab
Trending Quizzes
Colored Red Europe Blitz I
Colored Red Europe Blitz II
Colored Red Africa Blitz II
Colored Red Europe Blitz III
Colored Red Africa Blitz III
Recently Updated
How Do You Spell That?
pecheneg
Godzilla Movies
pecheneg
Grab Bag: 4-10 Letters
pecheneg
2024 March Madness Bracket
pecheneg
Famous TV Couples
Peacemaker
Champions League XIs: Real Madrid
pecheneg
Largest US Cities 1790-2010
pecheneg
Rides in Walt Disney World
pecheneg
Most Oscar Losses (Acting)
pecheneg
Beyoncé Albums
pecheneg
Trending Topics
Disney
Marvel
Kpop
Crossword
Anime
NBA
Harry Potter
Song
Country
Soccer
NFL
Pokémon
The Office
Puzzle
WWE
Your Account Isn't Verified!
In order to create a playlist on Sporcle, you need to verify the email address you used during registration. Go to your
Sporcle Settings
to finish the process.
Report this User
Report this user for behavior that violates our
Community Guidelines
.
Details:
Send Report
Go to the Sporcle.com Mobile Site →
Comments